000 00697cam a2200205 i 4500
005 20251119101716.0
008 250721s1997 jo gr 000 0 ara d
082 1 4 _a210.437
_bإ ب ر
100 1 _aإبراهيم، مفيدة محمد
_eمؤلف.
245 1 2 _aالقيادة التربوية في الإسلام /
_cتأليف مفيدة محمد إبراهيم.
250 _aالطبعة الأولى.
264 3 1 _aعمان :
_bدار مجدلأوي،
_c1997.
300 _a559 صفحة.
650 1 7 _aالإسلام.
650 1 7 _aالتربية الإسلامية.
650 1 7 _aالتربية.
650 1 7 _aالقيادة.
942 _2ddc
_cBK
999 _c1492
_d1492